LCD driver/controller.
Guardado en:
| Autor Corporativo: | |
|---|---|
| Formato: | Libro |
| Idioma: | English |
| Publicado: |
Sunnyvale, CA :
OKI semiconductor,
1990.
|
| Edición: | 3rd ed. |
| Materias: | |
| Etiquetas: |
Agregar Etiqueta
Sin Etiquetas, Sea el primero en etiquetar este registro!
|
| LEADER | 00622nam a22002055a 4500 | ||
|---|---|---|---|
| 001 | EIQ.libpla003859 | ||
| 008 | 080401s1990####caua#####c####000#0#eng#d | ||
| 005 | 20080403162150.0 | ||
| 245 | 0 | 0 | |a LCD driver/controller. |
| 250 | |a 3rd ed. | ||
| 260 | |a Sunnyvale, CA : |b OKI semiconductor, |c 1990. | ||
| 300 | |a 417 p. : |b il. ; |c 22 cm. | ||
| 500 | |a "Data book". | ||
| 650 | 4 | |a Electrónica |x Conductores. | |
| 650 | 4 | |a Conductores |x Catálogos. | |
| 650 | 4 | |a Driver |x Catalogs. | |
| 650 | 4 | |a Electronics |x Driver. | |
| 040 | |a AR-BbSID |b spa |c AR-BbSID | ||
| 110 | 2 | |a OKI semiconductor. | |
| 859 | |a AR-BbSID |b BIB. PLAPIQUI |h 621.381 1 |i L 459 |p 4055 | ||
